[Event "COL-ch sf"]
[Site "Medellin"]
[Date "2014.??.??"]
[Round "6"]
[White "Carvajal Montoya, Juan Camilo"]
[Black "Buitrago Grajales, Juan Carlos"]
[Result "1/2-1/2"]
[WhiteElo "1976"]
[BlackElo "2144"]
[PlyCount "53"]
[EventDate "2014.04.15"]
[EventType "swiss"]
[EventRounds "11"]
[EventCountry "COL"]
[SourceTitle "CBM 160 Extra"]
[Source "ChessBase"]
[SourceDate "2014.07.01"]
[SourceVersion "1"]
[SourceVersionDate "2014.07.01"]
[SourceQuality "1"]

1. e4 e5 2. Nf3 Nc6 3. Bb5 a6 4. Ba4 Nf6 5. 0-0 Be7 6. Re1 b5 7. Bb3 d6 8. c3 0-0 9. h3 Na5 10. Bc2 c5 11. d4 Qc7 12. Nbd2 Nc6 13. d5 Nd8 14. a4 Rb8 15. axb5 axb5 16. b4 Ne8 17. Nf1 g6 18. Bh6 Ng7 19. g4 f6 20. Ng3 Nf7 21. Be3 Bd7 22. Ra2 Ra8 23. Qa1 Qb7 24. Qb2 Rxa2 25. Qxa2 Ra8 26. Qb2 Qa6 27. Rc1 1/2-1/2

[Event "COL-ch sf"]
[Site "Medellin"]
[Date "2014.??.??"]
[Round "2"]
[White "Carvajal Montoya, Juan Camilo"]
[Black "Restrepo, Hugo"]
[Result "0-1"]
[WhiteElo "1976"]
[BlackElo "1711"]
[PlyCount "40"]
[EventDate "2014.04.15"]
[EventType "swiss"]
[EventRounds "11"]
[EventCountry "COL"]
[SourceTitle "CBM 160 Extra"]
[Source "ChessBase"]
[SourceDate "2014.07.01"]
[SourceVersion "1"]
[SourceVersionDate "2014.07.01"]
[SourceQuality "1"]

1. e4 c5 2. Nf3 e6 3. c3 Nf6 4. e5 Nd5 5. d4 cxd4 6. cxd4 Bb4+ 7. Bd2 0-0 8. Bd3 f5 9. 0-0 Qa5 10. a3 Nc6 11. Qb3 Bxd2 12. Nbxd2 Nxd4 13. Nxd4 Qxd2 14. Nxf5 Qg5 15. Nd6 Qxe5 16. Nxc8 Raxc8 17. Qxb7 Rc7 18. Qb5 Qf4 19. Rad1 Nf6 20. Be2 Rc2 0-1

[Event "COL-ch sf"]
[Site "Medellin"]
[Date "2014.??.??"]
[Round "8"]
[White "Carvajal Montoya, Juan Camilo"]
[Black "Sosa Florez, Juan Sebastian"]
[Result "1-0"]
[WhiteElo "1976"]
[BlackElo "1767"]
[PlyCount "41"]
[EventDate "2014.04.15"]
[EventType "swiss"]
[EventRounds "11"]
[EventCountry "COL"]
[SourceTitle "CBM 160 Extra"]
[Source "ChessBase"]
[SourceDate "2014.07.01"]
[SourceVersion "1"]
[SourceVersionDate "2014.07.01"]
[SourceQuality "1"]

1. e4 c5 2. Nf3 Nc6 3. Bb5 g6 4. 0-0 Bg7 5. c3 e6 6. d4 cxd4 7. cxd4 Qb6 8. Bxc6 bxc6 9. e5 Ne7 10. Nc3 0-0 11. Ne4 Nd5 12. b3 Ba6 13. Re1 f6 14. Ba3 Nb4 15. Qd2 Rab8 16. h4 fxe5 17. Nxe5 d5 18. Nd7 Qb7 19. Nec5 Qb5 20. Nxb8 Rxb8 21. Qxb4 1-0

[Event "COL-ch sf"]
[Site "Medellin"]
[Date "2014.??.??"]
[Round "3"]
[White "Ramirez Montoya, Jorge A"]
[Black "Carvajal Montoya, Juan Camilo"]
[Result "0-1"]
[WhiteElo "1788"]
[BlackElo "1976"]
[PlyCount "70"]
[EventDate "2014.04.15"]
[EventType "swiss"]
[EventRounds "11"]
[EventCountry "COL"]
[SourceTitle "CBM 160 Extra"]
[Source "ChessBase"]
[SourceDate "2014.07.01"]
[SourceVersion "1"]
[SourceVersionDate "2014.07.01"]
[SourceQuality "1"]

1. e4 e6 2. d4 d5 3. e5 Qd7 4. Nf3 b6 5. Nc3 Ba6 6. Bxa6 Nxa6 7. Qe2 Nb8 8. 0-0 c5 9. Qb5 Nc6 10. Be3 cxd4 11. Bxd4 Nge7 12. Ne2 Nxe5 13. Qxd7+ Nxd7 14. Ng3 Nc6 15. Bc3 f6 16. Rfe1 Kf7 17. a3 Bd6 18. Nf1 Rhe8 19. Rad1 Be5 20. Nxe5+ Ncxe5 21. Ng3 g6 22. f4 Nc4 23. Ne4 Red8 24. Nf2 Rac8 25. Rd3 Nd6 26. g4 h5 27. h3 Nc5 28. Rf3 Nce4 29. Ree3 Nxf2 30. Kxf2 Ne4+ 31. Ke2 Rc4 32. f5 gxf5 33. gxf5 e5 34. b3 Rc6 35. Kd1 Rdc8 0-1

[Event "COL-chT"]
[Site "Medelin"]
[Date "2011.11.04"]
[Round "4.4"]
[White "Carvajal Montoya, Juan Camilo"]
[Black "Loaiza, Yurani"]
[Result "1-0"]
[WhiteElo "1965"]
[BlackElo "1936"]
[PlyCount "101"]
[EventDate "2011.11.02"]
[EventType "team-swiss"]
[EventRounds "6"]
[EventCountry "COL"]
[SourceTitle "EXT 2012"]
[Source "ChessBase"]
[SourceDate "2011.11.24"]
[SourceVersion "1"]
[SourceVersionDate "2011.11.24"]
[SourceQuality "1"]
[WhiteTeam "Paul Keres Entrenadores"]
[BlackTeam "Antioquia (W)"]
[WhiteTeamCountry "COL"]
[BlackTeamCountry "COL"]

1. e4 e5 2. Nf3 Nc6 3. Bb5 Bc5 4. 0-0 Nd4 5. Nxd4 Bxd4 6. c3 Bb6 7. d4 c6 8. Bc4 d6 9. Kh1 Nf6 10. Bg5 h6 11. Bxf6 Qxf6 12. dxe5 dxe5 13. Nd2 0-0 14. Qf3 Qg5 15. Nb3 Bg4 16. Qg3 Rad8 17. f3 Bh5 18. Qxg5 hxg5 19. Rad1 Rfe8 20. a4 a5 21. g4 Bg6 22. Kg2 Kf8 23. Nc1 f6 24. Rd3 Rxd3 25. Nxd3 Rd8 26. Rd1 Ke7 27. b3 Bf7 28. Bxf7 Kxf7 29. Nb2 Rxd1 30. Nxd1 Ke6 31. Nb2 Bc7 32. Kf2 Kd6 33. Ke3 b5 34. Kd3 Kc5 35. Kc2 Bd6 36. Kd3 Kb6 37. Kc2 Bc5 38. Nd3 Bg1 39. h3 Be3 40. Kb2 Bc5 41. Ne1 Bd6 42. Ng2 Bc5 43. Ne1 Be3 44. Kc2 Bg1 45. Nd3 Be3 46. Nb2 bxa4 47. Nc4+ Kb5 48. Nxe3 a3 49. Nc4 a2 50. Kb2 a4 51. Kxa2 1-0

[Event "COL-ch sf"]
[Site "Santa Rosa"]
[Date "2011.06.24"]
[Round "6"]
[White "Agudelo, Carlos Hernan"]
[Black "Carvajal Montoya, Juan Camilo"]
[Result "1/2-1/2"]
[WhiteElo "2094"]
[BlackElo "1949"]
[PlyCount "55"]
[EventDate "2011.06.22"]
[EventType "swiss"]
[EventRounds "11"]
[EventCountry "COL"]
[SourceTitle "CBM 143 Extra"]
[Source "ChessBase"]
[SourceDate "2011.08.29"]
[SourceVersion "1"]
[SourceVersionDate "2011.08.29"]
[SourceQuality "1"]

1. c4 e6 2. g3 Nf6 3. Bg2 d5 4. Nf3 Be7 5. 0-0 0-0 6. Qc2 b6 7. d3 Bb7 8. Bg5 Nbd7 9. Nc3 h6 10. Bf4 Bd6 11. Bxd6 cxd6 12. Rac1 dxc4 13. dxc4 Qe7 14. Rfd1 Rfc8 15. Nd2 Bxg2 16. Kxg2 d5 17. cxd5 exd5 18. Nf3 Rc5 19. b4 Rc7 20. a3 Rac8 21. Qb2 Nf8 22. e3 Ne6 23. Nb5 Rxc1 24. Rxc1 Rxc1 25. Qxc1 Ng5 26. Qc8+ Kh7 27. Qf5+ Kg8 28. Qc8+ 1/2-1/2

[Event "COL-ch IRT U18 Zona West"]
[Site "Medellin"]
[Date "2011.03.19"]
[Round "6.1"]
[White "Blandon Villa, Diego F"]
[Black "Carvajal Montoya, Juan Camilo"]
[Result "1/2-1/2"]
[WhiteElo "2099"]
[BlackElo "1937"]
[PlyCount "58"]
[EventDate "2011.03.19"]
[EventType "swiss"]
[EventRounds "6"]
[EventCountry "COL"]
[SourceTitle "EXT 2024"]
[Source "ChessBase"]
[SourceDate "2023.10.10"]
[SourceVersion "1"]
[SourceVersionDate "2023.10.10"]
[SourceQuality "1"]

1. e4 e6 2. d4 d5 3. Nd2 Nf6 4. e5 Nfd7 5. Bd3 c5 6. c3 Nc6 7. Ne2 cxd4 8. cxd4 f6 9. exf6 Nxf6 10. 0-0 Bd6 11. Nf3 0-0 12. Bf4 Bxf4 13. Nxf4 Ne4 14. g3 Qf6 15. h4 g5 16. Bxe4 gxf4 17. Bc2 Qg7 18. Kh2 fxg3+ 19. fxg3 Bd7 20. Ba4 Nxd4 21. Qxd4 Qxd4 22. Nxd4 Bxa4 23. Nxe6 Rxf1 24. Rxf1 Re8 25. Nf4 d4 26. b3 Bb5 27. Rd1 d3 28. a4 Ba6 29. b4 Bc4 1/2-1/2

[Event "COL-ch IRT U18 Zona West"]
[Site "Medellin"]
[Date "2011.03.19"]
[Round "4.1"]
[White "Carvajal Montoya, Juan Camilo"]
[Black "Chirivi Castiblanco, Angie Lizeth"]
[Result "1-0"]
[WhiteElo "1937"]
[BlackElo "1945"]
[PlyCount "115"]
[EventDate "2011.03.19"]
[EventType "swiss"]
[EventRounds "6"]
[EventCountry "COL"]
[SourceTitle "EXT 2024"]
[Source "ChessBase"]
[SourceDate "2023.10.10"]
[SourceVersion "1"]
[SourceVersionDate "2023.10.10"]
[SourceQuality "1"]

1. e4 e5 2. Nf3 Nc6 3. Bb5 a6 4. Ba4 Nf6 5. 0-0 Be7 6. c3 b5 7. Bc2 0-0 8. Re1 d6 9. h3 d5 10. exd5 Nxd5 11. Nxe5 Nxe5 12. Rxe5 Nf6 13. d4 Bd6 14. Re1 Nd5 15. Be4 c6 16. Qf3 Re8 17. Be3 Bc7 18. Nd2 Qd6 19. g3 g6 20. Bxd5 Qxd5 21. Qxd5 cxd5 22. Kg2 Bd7 23. Bh6 Bb6 24. Nf3 Bf5 25. Ne5 f6 26. Ng4 Kf7 27. Bd2 h5 28. Nh6+ Kg7 29. Nxf5+ gxf5 30. Rxe8 Rxe8 31. Re1 Rxe1 32. Bxe1 Kf7 33. Kf3 Ke6 34. Bd2 Ba7 35. Bf4 Bb6 36. Ke3 a5 37. Kd3 a4 38. Kc2 Kd7 39. Bh6 Bd8 40. Bf8 Ke6 41. b3 axb3+ 42. Kxb3 Ba5 43. Bh6 Kd7 44. a3 Ke7 45. Bd2 Kd6 46. Bf4+ Ke7 47. Bb8 Kd7 48. Ba7 Kc6 49. Bc5 Kd7 50. Bf8 Ke6 51. Bb4 Bc7 52. a4 bxa4+ 53. Kxa4 Kd7 54. Kb5 Bb8 55. Kc5 f4 56. gxf4 Bxf4 57. Kxd5 Bd2 58. Ke4 1-0

[Event "Cartago op"]
[Site "Cartago"]
[Date "2010.11.01"]
[Round "7"]
[White "Carvajal Montoya, Juan Camilo"]
[Black "Giraldo, Francisco Javier"]
[Result "1-0"]
[WhiteElo "1923"]
[BlackElo "2011"]
[PlyCount "21"]
[EventDate "2010.10.30"]
[EventType "swiss"]
[EventRounds "7"]
[EventCountry "COL"]
[SourceTitle "EXT 2011"]
[Source "ChessBase"]
[SourceDate "2010.11.26"]
[SourceVersion "1"]
[SourceVersionDate "2010.11.26"]
[SourceQuality "1"]

1. e4 e5 2. Nf3 Nc6 3. Bb5 Nf6 4. 0-0 d6 5. d4 exd4 6. Nxd4 Bd7 7. Nc3 Be7 8. Bg5 0-0 9. Re1 Re8 10. Bc4 Be6 11. Bb3 1-0

[Event "Cartago op"]
[Site "Cartago"]
[Date "2010.10.31"]
[Round "3"]
[White "Hernandez Sanchez, Jairo Andres"]
[Black "Carvajal Montoya, Juan Camilo"]
[Result "1-0"]
[WhiteElo "2054"]
[BlackElo "1923"]
[PlyCount "59"]
[EventDate "2010.10.30"]
[EventType "swiss"]
[EventRounds "7"]
[EventCountry "COL"]
[SourceTitle "EXT 2011"]
[Source "ChessBase"]
[SourceDate "2010.11.26"]
[SourceVersion "1"]
[SourceVersionDate "2010.11.26"]
[SourceQuality "1"]

1. e4 e6 2. d3 d5 3. Nd2 b6 4. Ngf3 Ba6 5. c3 Nf6 6. Be2 Be7 7. 0-0 0-0 8. e5 Nfd7 9. d4 Bxe2 10. Qxe2 c5 11. Rd1 Qc7 12. Nf1 Nc6 13. Bg5 Rae8 14. Bxe7 Rxe7 15. Ne3 f6 16. exf6 Nxf6 17. c4 Nh5 18. Rac1 Nf4 19. Qc2 Nb4 20. Qd2 Nxa2 21. Ra1 Nb4 22. b3 Nxg2 23. Kxg2 Ref7 24. Ng5 Rxf2+ 25. Qxf2 Rxf2+ 26. Kxf2 Qxh2+ 27. Ng2 h6 28. Nxe6 Qh3 29. Ngf4 Qxb3 30. Rxa7 1-0

[Event "Medellin IRT op 17th"]
[Site "Medellin"]
[Date "2010.08.08"]
[Round "9"]
[White "Carvajal Montoya, Juan Camilo"]
[Black "Alvarez, Alfonso"]
[Result "0-1"]
[WhiteElo "1932"]
[BlackElo "2113"]
[PlyCount "56"]
[EventDate "2010.08.04"]
[EventType "swiss"]
[EventRounds "9"]
[EventCountry "COL"]
[SourceTitle "EXT 2012"]
[Source "ChessBase"]
[SourceDate "2011.11.24"]
[SourceVersion "1"]
[SourceVersionDate "2011.11.24"]
[SourceQuality "1"]

1. e4 e5 2. Nf3 Nc6 3. Bb5 Nge7 4. 0-0 a6 5. Ba4 b5 6. Bb3 Ng6 7. c3 Bb7 8. d4 d6 9. Ng5 Na5 10. Nxf7 Qh4 11. Nxh8 Nxh8 12. Nd2 Nxb3 13. Qxb3 Ng6 14. Qe6+ Be7 15. Qg8+ Kd7 16. Qxg7 Rf8 17. Nf3 Qxe4 18. Be3 Bd5 19. Rac1 Qf5 20. Ne1 Rg8 21. Qh6 a5 22. f3 Kc6 23. Bf2 Nf4 24. Bh4 Rg6 25. Qxh7 Rxg2+ 26. Nxg2 Nh3+ 27. Kh1 Qxh7 28. Bxe7 Qxe7 0-1

[Event "Medellin IRT op 17th"]
[Site "Medellin"]
[Date "2010.08.07"]
[Round "7"]
[White "Carvajal Montoya, Juan Camilo"]
[Black "Gomez Barrero, Sergio"]
[Result "0-1"]
[WhiteElo "1932"]
[BlackElo "2044"]
[PlyCount "84"]
[EventDate "2010.08.04"]
[EventType "swiss"]
[EventRounds "9"]
[EventCountry "COL"]
[SourceTitle "EXT 2012"]
[Source "ChessBase"]
[SourceDate "2011.11.24"]
[SourceVersion "1"]
[SourceVersionDate "2011.11.24"]
[SourceQuality "1"]

1. e4 e5 2. Nf3 Nc6 3. Bb5 Nf6 4. 0-0 d6 5. d4 exd4 6. Qxd4 Bd7 7. Bxc6 Bxc6 8. Re1 Bd7 9. Nc3 Be7 10. Bg5 0-0 11. Rad1 Be6 12. Nd5 Nxd5 13. exd5 Bxg5 14. dxe6 fxe6 15. Nxg5 Qxg5 16. Rxe6 Qf4 17. Qxf4 Rxf4 18. Re7 Rf7 19. Rde1 Raf8 20. f3 g6 21. Kf2 Kg7 22. R1e6 Rxe7 23. Rxe7+ Rf7 24. Rxf7+ Kxf7 25. Ke3 Ke6 26. h4 Ke5 27. g3 d5 28. b3 h5 29. Kd3 c5 30. c4 d4 31. a3 a5 32. a4 Kf5 33. Ke2 g5 34. hxg5 Kxg5 35. Kf2 Kf5 36. f4 Kg4 37. Kg2 h4 38. gxh4 Kxf4 39. h5 Kg5 40. Kf3 Kxh5 41. Kf4 Kh4 42. Kf3 Kg5 0-1

[Event "Medellin IRT op 17th"]
[Site "Medellin"]
[Date "2010.08.07"]
[Round "6"]
[White "Loaiza, Yurani"]
[Black "Carvajal Montoya, Juan Camilo"]
[Result "0-1"]
[WhiteElo "1920"]
[BlackElo "1932"]
[PlyCount "58"]
[EventDate "2010.08.04"]
[EventType "swiss"]
[EventRounds "9"]
[EventCountry "COL"]
[SourceTitle "EXT 2012"]
[Source "ChessBase"]
[SourceDate "2011.11.24"]
[SourceVersion "1"]
[SourceVersionDate "2011.11.24"]
[SourceQuality "1"]

1. d4 Nf6 2. Nf3 e6 3. Bg5 c5 4. e3 h6 5. Bf4 d5 6. c3 Nh5 7. Bg3 Nc6 8. Nbd2 Nxg3 9. hxg3 Qc7 10. Bd3 b6 11. Qe2 Be7 12. Bc2 Bb7 13. Nh4 0-0-0 14. a3 Kb8 15. Nhf3 Rhe8 16. 0-0 g5 17. Rfc1 h5 18. b4 c4 19. e4 g4 20. Nh2 h4 21. Ndf1 hxg3 22. Nxg3 dxe4 23. Nxg4 f5 24. b5 Na5 25. Nh2 Rh8 26. Nhf1 Bg5 27. Rd1 Qh7 28. Nh5 Qxh5 29. Qxh5 Rxh5 0-1

[Event "Medellin op 04"]
[Site "Medellin"]
[Date "2010.04.27"]
[Round "8"]
[White "Carvajal Montoya, Juan Camilo"]
[Black "Duran, Fabian Alberto"]
[Result "1-0"]
[WhiteElo "1926"]
[BlackElo "1879"]
[PlyCount "40"]
[EventDate "2010.04.21"]
[EventType "swiss"]
[EventRounds "9"]
[EventCountry "COL"]
[SourceTitle "CBM 136 Extra"]
[Source "ChessBase"]
[SourceDate "2010.07.02"]
[SourceVersion "2"]
[SourceVersionDate "2010.07.15"]
[SourceQuality "1"]

1. e4 c5 2. Nf3 d6 3. Bb5+ Nc6 4. 0-0 Bd7 5. c3 Nf6 6. Re1 a6 7. Ba4 b5 8. Bc2 g6 9. d4 cxd4 10. cxd4 Bg7 11. h3 0-0 12. Bg5 h6 13. Bh4 Rc8 14. e5 dxe5 15. dxe5 Nh7 16. Nc3 Be6 17. Be4 Qxd1 18. Raxd1 g5 19. Bg3 b4 20. Nd5 Rfd8 1-0

[Event "Medellin IRT Deptal U20 Antioquia"]
[Site "Medellin"]
[Date "2010.02.14"]
[Round "7.7"]
[White "Carvajal Montoya, Juan Camilo"]
[Black "Posada, Juan Manuel"]
[Result "1-0"]
[WhiteElo "1936"]
[BlackElo "2008"]
[PlyCount "53"]
[EventDate "2010.02.11"]
[EventType "swiss"]
[EventRounds "7"]
[EventCountry "COL"]
[SourceTitle "EXT 2024"]
[Source "ChessBase"]
[SourceDate "2023.10.10"]
[SourceVersion "1"]
[SourceVersionDate "2023.10.10"]
[SourceQuality "1"]

1. e4 e5 2. Nf3 Nf6 3. Nxe5 d6 4. Nf3 Nxe4 5. Nc3 Nxc3 6. dxc3 Nc6 7. Bd3 Be6 8. Be3 Be7 9. Qd2 Qd7 10. h4 0-0-0 11. a3 Rhe8 12. 0-0-0 h6 13. Nd4 Ne5 14. Nxe6 Qxe6 15. Kb1 Nxd3 16. Qxd3 Kb8 17. Rhe1 Qd7 18. Qd4 b6 19. Qxg7 Rg8 20. Qxf7 Rdf8 21. Qd5 c6 22. Qb3 Rxg2 23. Bxb6 axb6 24. Qxb6+ Kc8 25. Rxe7 Qxe7 26. Qxc6+ Kb8 27. Qxg2 1-0

[Event "Medellin IRT Deptal U20 Antioquia"]
[Site "Medellin"]
[Date "2010.02.12"]
[Round "3"]
[White "Carvajal Montoya, Juan Camilo"]
[Black "Blandon Villa, Diego F"]
[Result "0-1"]
[WhiteElo "1936"]
[BlackElo "2040"]
[PlyCount "87"]
[EventDate "2010.02.11"]
[EventType "swiss"]
[EventRounds "7"]
[EventCountry "COL"]
[SourceTitle "EXT 2024"]
[Source "ChessBase"]
[SourceDate "2023.10.10"]
[SourceVersion "1"]
[SourceVersionDate "2023.10.10"]
[SourceQuality "1"]

1. e4 d6 2. d4 g6 3. Nf3 Bg7 4. Bc4 Nf6 5. Nbd2 0-0 6. 0-0 Bg4 7. Re1 Nc6 8. c3 e5 9. h3 Bd7 10. Nb3 h6 11. Qc2 Kh7 12. Be3 Nh5 13. dxe5 Nxe5 14. Nxe5 Bxe5 15. Bd4 Qg5 16. Bxe5 dxe5 17. Re3 Rad8 18. Rd1 Nf4 19. Rg3 Qe7 20. Nc1 Bc6 21. Rxd8 Rxd8 22. Ne2 Ne6 23. Re3 Nc5 24. b4 b5 25. Bxf7 Qxf7 26. bxc5 Qc4 27. Qb3 Rd2 28. Ng3 Rxa2 29. Qd1 Qxc5 30. Rf3 Qe7 31. Kh2 Kg7 32. Qb3 Rd2 33. Qb4 Qxb4 34. cxb4 Bb7 35. h4 Rd4 36. Rc3 c6 37. Rc5 Kf6 38. h5 Rxb4 39. hxg6 a5 40. Nh5+ Kxg6 41. Rxe5 a4 42. Nf4+ Kf6 43. Rf5+ Ke7 44. Ng6+ 0-1

[Event "Medellin IRT Deptal U20 Antioquia"]
[Site "Medellin"]
[Date "2010.02.11"]
[Round "1.1"]
[White "Escobar Medina, Andres F"]
[Black "Carvajal Montoya, Juan Camilo"]
[Result "1-0"]
[WhiteElo "2067"]
[BlackElo "1936"]
[PlyCount "55"]
[EventDate "2010.02.11"]
[EventType "swiss"]
[EventRounds "7"]
[EventCountry "COL"]
[SourceTitle "EXT 2024"]
[Source "ChessBase"]
[SourceDate "2023.10.10"]
[SourceVersion "1"]
[SourceVersionDate "2023.10.10"]
[SourceQuality "1"]

1. e4 c5 2. Nf3 d6 3. Bb5+ Bd7 4. Bxd7+ Qxd7 5. c4 Nc6 6. d4 cxd4 7. Nxd4 Nf6 8. Nc3 g6 9. f3 Bg7 10. Be3 Nxd4 11. Bxd4 0-0 12. 0-0 Rfd8 13. Qd2 Rac8 14. b3 b6 15. Rac1 Qb7 16. Rfd1 a6 17. a4 Nd7 18. Bxg7 Kxg7 19. Nd5 Nc5 20. Qa2 Rd7 21. b4 Ne6 22. Qf2 Rb8 23. f4 Nc7 24. Qd4+ Kg8 25. f5 Nxd5 26. exd5 a5 27. fxg6 hxg6 28. Rc3 1-0

[Event "Medellin GP Feria de Flores"]
[Site "Medellin"]
[Date "2009.08.05"]
[Round "1.1"]
[White "Ramirez, Benjamin Dario"]
[Black "Carvajal Montoya, Juan Camilo"]
[Result "1-0"]
[WhiteElo "2153"]
[BlackElo "1937"]
[PlyCount "57"]
[EventDate "2009.08.05"]
[EventType "swiss"]
[EventRounds "9"]
[EventCountry "COL"]
[SourceTitle "EXT 2024"]
[Source "ChessBase"]
[SourceDate "2023.10.10"]
[SourceVersion "1"]
[SourceVersionDate "2023.10.10"]
[SourceQuality "1"]

1. e4 e6 2. d4 d5 3. Nc3 Bb4 4. e5 c5 5. a3 Bxc3+ 6. bxc3 Qc7 7. Nf3 Ne7 8. Bd3 Nbc6 9. 0-0 Bd7 10. a4 b6 11. Ng5 h6 12. Nh3 cxd4 13. cxd4 Na5 14. Re1 Qc3 15. Be3 Nc4 16. Nf4 Nb2 17. Qg4 g5 18. Nh5 Nxd3 19. Nf6+ Kd8 20. cxd3 Qxd3 21. Red1 Qa6 22. a5 b5 23. h4 gxh4 24. Qg7 Ng6 25. Qxf7 Be8 26. Nxe8 Rxe8 27. Qxg6 Kd7 28. Bxh6 h3 29. Bg5 1-0

[Event "Central America Carribean-ch U20"]
[Site "Medellin"]
[Date "2009.08.01"]
[Round "4"]
[White "Garcia Fuentes, Sergio Miguel"]
[Black "Carvajal Montoya, Juan Camilo"]
[Result "1-0"]
[WhiteElo "2186"]
[BlackElo "1937"]
[PlyCount "57"]
[EventDate "2009.07.30"]
[EventType "swiss"]
[EventRounds "9"]
[EventCountry "COL"]
[SourceTitle "CBM 131 Extra"]
[Source "ChessBase"]
[SourceDate "2009.09.03"]
[SourceVersion "2"]
[SourceVersionDate "2009.09.16"]
[SourceQuality "1"]

1. e4 e5 2. Nf3 Nc6 3. Bb5 a6 4. Ba4 Nf6 5. 0-0 Be7 6. d3 b5 7. Bb3 d6 8. c3 0-0 9. Re1 Na5 10. Bc2 c5 11. Nbd2 Re8 12. Nf1 Bf8 13. Ng3 g6 14. h3 Bg7 15. d4 Qc7 16. d5 c4 17. b4 cxb3 18. axb3 Nb7 19. Bd2 Nc5 20. Qe2 a5 21. Rec1 Nh5 22. c4 bxc4 23. bxc4 Bd7 24. Ra2 Bf8 25. Rca1 Qd8 26. Bxa5 Qf6 27. Kh1 Qf4 28. Kh2 f5 29. Bd2 1-0